A field guide to medicinal plants / (Record no. 19361)

000 -LEADER
fixed length control field 00479nam a22001818a 4500
020 ## - INTERNATIONAL STANDARD BOOK NUMBER
ISBN 0812963369 :
040 ## - CATALOGING SOURCE
Transcribing agency DLC
082 ## - DEWEY DECIMAL CLASSIFICATION NUMBER
Classification number 581 ARN 1985 C166 Or.
100 1# - MAIN ENTRY--AUTHOR NAME
Personal name Krochmal, Arnold,
245 12 - TITLE STATEMENT
Title A field guide to medicinal plants /
260 ## - PUBLICATION, DISTRIBUTION, ETC. (IMPRINT)
Place of publication New York :
Name of publisher Times Books,
Year of publication c1984
300 ## - PHYSICAL DESCRIPTION
Number of Pages 274 p. :
Other physical details ill. ;
Dimensions 24 cm
500 ## - GENERAL NOTE
General note Includes indexes
650 #0 - SUBJECT ADDED ENTRY--TOPICAL TERM
Topical Term Medicinal plants
650 #0 - SUBJECT ADDED ENTRY--TOPICAL TERM
Topical Term Materia medica, Vegetable
700 10 - ADDED ENTRY--PERSONAL NAME
Personal name Krochmal, Connie
942 ## - ADDED ENTRY ELEMENTS (KOHA)
Koha item type ADB
952 ## - LOCATION AND ITEM INFORMATION (KOHA)
Withdrawn status [LOCAL, KOHA] 0
Holdings
Source of acquisition Permanent Location Date acquired Koha item type Lost status Shelving location Current Location Full call number
A39344Library Block C2020-10-05សៀវភៅភាសាអង់គ្លេស C166Library Block C581 ARN 1985 C166 Or.
មជ្ឈមណ្ឌលឯការនៃសាកលវិទ្យាល័យភូមិន្ទកសិកម្មចំការដូង

Powered by Koha